| 000 | 00999nam a2200349 a 4500 | ||
|---|---|---|---|
| 001 | vtls000046778 | ||
| 003 | NLI | ||
| 005 | 20210601185434.0 | ||
| 008 | 101125s1977 enka 000 p eng | ||
| 020 |
_a0233968024 _c$ 1.95 |
||
| 039 | 9 |
_y201011250430 _zVLOAD |
|
| 040 | 0 |
_aNLI _beng _cVERGIS-2003 |
|
| 041 | 0 | _aeng | |
| 044 | _aenk | ||
| 082 | 0 | 4 | _a821.91 |
| 100 | 1 |
_aFuller, Roy _9117584 |
|
| 245 | 1 | 0 |
_aPoor Roy/ _cRoy Fuller; illustrated by Nicolas Bentley |
| 260 |
_aLondon: _bAndre Deutsch, _c1977 |
||
| 300 |
_a64 p.: _bill.; _c23 cm. |
||
| 650 | 0 |
_aEnglish poetry _y20th century _9117738 |
|
| 700 | 1 |
_aBentley, Nicolas _bill _9124886 |
|
| 887 | _aKannaki | ||
| 901 |
_a457908 _b26/02/1980 |
||
| 902 | _aE 821.91 F 959 p | ||
| 903 | _a29/05/2004 | ||
| 904 | _aKannaki | ||
| 906 | _a048748 | ||
| 949 |
_AVIRTUAITEM _D10000 _F1 _X100 _6PUR000457908ENG _aE 821.91 F959p |
||
| 942 |
_2ddc _cBKS |
||
| 999 |
_aVIRTUA _c51160 _d51160 |
||
| 999 | _aVTLSSORT0200*9010*9020*9030*9040*9060*9490*9991 | ||